| 000 | 00603nam a22002057a 4500 | ||
|---|---|---|---|
| 999 |
_c17338 _d17338 |
||
| 003 | AR-CdUCM | ||
| 008 | 190508b ||||| |||| 00| 0 spa d | ||
| 040 |
_aMUNICIPALIDAD PROVINCIAL DEL CUSCO _cBIBLIOTECA MUNICIPAL DEL CUSCO |
||
| 082 |
_a868.52 / _bB39 |
||
| 100 |
_aBécquer, Gustavo Adolfo _96464 |
||
| 245 | _aLeyendas / | ||
| 260 |
_aBarcelona : _bBruguera, _c1967. |
||
| 300 |
_a334 paginas ; _c18 cm. |
||
| 505 | _aContenido :Leyendas / | ||
| 650 |
_aLiteratura española _9362 |
||
| 650 |
_aLeyendas _92226 |
||
| 650 |
_aSigloXX _92896 |
||
| 942 |
_2ddc _cLIBROS |
||
| 945 |
_arjall _d2019-05-08 |
||